000 00660nam a2200241Ia 4500
003 OSt
005 20221007081334.0
006 a|||||r|||| 00| 0
007 ta
008 221006b |||||||| |||| 00| 0 eng d
020 _a9780199890453
024 _a45,494
037 _cTextual
040 _aFLL
_cFLL
_beng
041 _2eng
_aeng
082 _aR44L, Q2
100 _aMACKIN Ruth
_9696962
245 0 _aEthics in global health
_b Research, Policy and Practice
260 _aNew York
_bOxford University Press USA
_c2012
300 _axxiv,408p.
_ccm.
942 _hR44L, Q2
_cTEXL
_2CC
999 _c1162762
_d1162762